000 00578nam a2200229Ia 4500
003 OSt
005 20220918191932.0
006 a|||||r|||| 00| 0
007 ta
008 220917b |||||||| |||| 00| 0 eng d
024 _a65,975
037 _cTextual
040 _aARTS
_cARTS
_beng
041 _2eng
_aeng
082 _aR3xC57:g, K6-;1
100 _aRyle Gilbert
245 0 _aPlato's progress
260 _aCambridge
_bCUP
_c1966
300 _aviii,311p.
_ccm.
942 _hR3xC57:g, K6-;1
_cTEXL
_2CC
999 _c192212
_d192212